00449nam a22001577a 4500003000400000008004100004082001700045100002500062245009300087260003200180300000900212502001500221650002900236650001700265650000900282OSt260429b |||||||| |||| 00| 0 eng d a634.44bP74T aPrasad, Krishna Kant aTo Study the Effect of Photosynthesis Improving Chemicals on Mango (Mangifera Indica L.) aPusa, SamastipurbRAUc1992 a51P. bMsc.d1992 aFruit & Fruit Technology aHorticulture aMsc.